| 000 | 00943nam a2200241Ia 4500 | ||
|---|---|---|---|
| 005 | 20241216011602.0 | ||
| 008 | 190627s9999||||xx |||||||||||||| ||und|| | ||
| 020 | _a978-84-8363-628-8 | ||
| 082 |
_a532.1 _bA57 |
||
| 100 | _aANDRES-DOMENECH, IGNACIO; VALLES MORAN, FRANCISCO JOSE; EGUIBAR GALAN, MIGUEL ANGEL Y ALBENTOSA HERNANDES EDUARDO | ||
| 245 | 0 |
_aHIDRAULICA DEL FLUJO EN LAMINA LIBRE _bCUESTIONES CONCEPTUALES, |
|
| 250 | _a1 | ||
| 260 |
_aVALENCIA - ESPAÑA _bUNIVERSITAT POLITECNICA DE VALENCIA _c2011 |
||
| 300 |
_a98 pag. _c24 cm. |
||
| 341 | _h56 | ||
| 440 | _aCIVIL | ||
| 490 |
_v0 _a0 |
||
| 505 | _aESTADOS DEL FLUJO, REGIMEN UNIFORME Y FUNCIÓN DE CAPACIDAD HIDRAULICA, REGIMEN CRÍTICA, ENERGÍA ESPECÍFICA, REGIMEN GRADUALMENTE VARIADO, DESAGUE BAJO COMPUERTA, CUESTIONES GENERALES, CUESTIONES RESUELTAS | ||
| 541 |
_aC _bSAN CRISTOBAL _d20-Jun-19 _oSoles |
||
| 650 | _aCIVIL | ||
| 856 | _zCC. Puras | ||
| 942 | _cLIBRO | ||
| 999 |
_c45858 _d45858 |
||